| 000 | 00716nam a22002417a 4500 | ||
|---|---|---|---|
| 003 | UA-OsUOA | ||
| 001 | 35103 | ||
| 007 | ta | ||
| 008 | 20051107b un ||||| |||| 00| 0 ukr d | ||
| 100 | _aЧмель А. | ||
| 090 |
_a657(038) _bЧ74 |
||
| 942 | _cBK | ||
| 040 |
_aUA-OsUOA _brus _cUA-OsUOA _dUA-OsUOA |
||
| 245 | _aАнгло-русский словарь бухгалтерских терминов | ||
| 300 | _a176 с. | ||
| 955 | _a2 | ||
| 041 | _arus | ||
| 080 | _a657(038) | ||
| 020 | _a5-279-01513-Х | ||
| 260 |
_aМ. _bФинансы и статистика _c1995 |
||
| 650 | 7 |
_a657 Бухгалтерія. Бухгалтерський облік. Рахівництво _2UDC |
|
| 999 |
_c321497 _d321497 |
||